书目信息 |
| 题名: |
幸福教育论
|
|
| 作者: | 刘次林 著 | |
| 分册: | ||
| 出版信息: | 北京 人民教育出版社 2003 |
|
| 页数: | 227页 | |
| 开本: | 24cm | |
| 丛书名: | 当代德育新理论丛书 | |
| 单 册: | ||
| 中图分类: | G412 , G41 | |
| 科图分类: | ||
| 主题词: | 幸福 , 幸福--教育理论 | |
| 电子资源: | ||
| ISBN: | 7-107-17114-3 | |
| 000 | 00988nam0 2200301 450 | |
| 000 | 00990nam0 2200289 450 | |
| 000 | 00923nam0 2200265 450 | |
| 000 | 00887nam0 2200253 45 | |
| 005 | 20070727102034.46 | |
| 010 | @a7-107-17114-3@dCNY24.10 | |
| 100 | @a20070709d2006 em y0chiy0120 ea | |
| 101 | 0 | @achi |
| 102 | @aCN@b110000 | |
| 105 | @ay z 000yy | |
| 200 | 1 | @a幸福教育论@AXing Fu Jiao Yu Lun@f刘次林著@FLiu Ci Lin Zhu |
| 210 | @a北京@c人民教育出版社@d2003 | |
| 215 | @a227页@d24cm | |
| 225 | 2 | @a当代德育新理论丛书 |
| 300 | @a教育部人文社会科学重点研究基地项目 | |
| 330 | @a本书以综合、系统性思维考察幸福问题,提出一种哲学意义上的幸福观,重新理解并解释了教育过程中的知情关系、身心关系和人己关系,建构起幸福教育的理论框架。 | |
| 410 | 0 | @12001 @a当代德育新理论丛书 |
| 606 | 0 | @a幸福 |
| 606 | 0 | @a幸福@x教育理论 |
| 690 | @aG412@v4 | |
| 690 | @aG41@v3 | |
| 701 | 1 | @a刘次林@ALiu Ci Lin@f(1964~)@4著 |
| 801 | 0 | @aCN@bTAOJIN@c20070727 |
| 905 | @a10447@dG41@e31 | |
| 幸福教育论/刘次林著.-北京:人民教育出版社,2003 |
| 227页;24cm .-(当代德育新理论丛书) |
| 教育部人文社会科学重点研究基地项目 |
| ISBN 7-107-17114-3:CNY24.10 |
| 本书以综合、系统性思维考察幸福问题,提出一种哲学意义上的幸福观,重新理解并解释了教育过程中的知情关系、身心关系和人己关系,建构起幸福教育的理论框架。 |
| ● |
| 相关链接 |
|
|
|
|
正题名:幸福教育论
索取号:G41/31
 
预约/预借
| 序号 | 登录号 | 条形码 | 馆藏地/架位号 | 状态 | 备注 |
| 1 | 0820635 | 208206350 | 第一样本阅览室/ [索取号:G41/31] | 在馆 | |
| 2 | 0820636 | 208206369 | 第四借阅区/ [索取号:G41/31] | 在馆 | |
| 3 | 0820637 | 208206378 | 第四借阅区/ [索取号:G41/31] | 在馆 | |
| 4 | 0820638 | 208206387 | 第四借阅区/ [索取号:G41/31] | 在馆 | |
| 5 | 0820639 | 208206396 | 第四借阅区/ [索取号:G41/31] | 在馆 |